01429nam a2200253Ia 4500003000900000005001700009008004100026040003800067041000800105084001400113100003200127245023100159260002900390300002700419336002900446337003300475338002800508502016600536520037400702650001801076650002601094650001601120700003901136gtgcusco20250902090422.0250819t2015||||xx |||||||||||||| ||spa|| agtgcuscobspacgtgcuscodgtgcusco aspa aTM(09) 07 aCobos Aroche, Adriana Maria 0aPrevalencia de recidiva en la sobremordida vertical en pacientes atendidos e la clínica de la maestría en ortodoncia y ortopedia maxilofacial de la Universidad de San Carlos de Guatemala /cAdriana María Cobos Aroche. -- aGuatemala:bUSAC,c2015. a81 p. :bil. :c28 cm. atextobtxt2rdacontenido aSin mediaciónbn2rdamedio avolumenbnc2rdasoporte aTesis (Maestría en Ortodoncia y Ortopedia Maxilofacial) -- Universidad de San Carlos de Guatemala. Facultad de Odontología. Escuela de Estudios de Postgrado. a [Tomado de la introducción] El objetivo de la presente investigación fue encontrar el porcentaje de pacientes que en el programa de maestría en ortodoncia y ortopedia maxilofacial de la universidad de San Carlos de Guatemala presentan recidiva en la sobremordida vertical según la maloclusión, tiempo de retención, edad y cantidad de tiempo postratamiento.02aMaloclusión02aOrtodoncia correctiva02aRecurrencia aRosales Madero, Luis Felipeetutor